000 00647cam a2200193 4500
001 3426
005 20181127171202.0
008 100121s2007 enka bd 001 0 eng c
010 _a 2010275066
020 _a0415314143 (hbk.)
020 _a9780415556248
245 _aEncyclopedia of Buddhism /
_b
_cedited by Damien Keown and Charles S. Prebish.
_f
_g
_h
_k
_n
_p
_s
260 _aLondon ;
_aNew York :
_bRoutledge,
_c2010.
300 _axxviii, 923 p. :
_bill. ;
_c26 cm.
504 _aIncludes bibliographical references (p. 864-886) and index.
650 0 _aBuddhism
_vDictionaries.
700 1 _aKeown, Damien,
_d1951-
700 1 _aPrebish, Charles S.
999 _c2775
_d2775